La ocupación de Lima: 1881-1883
Enregistré dans:
| Auteur principal: | |
|---|---|
| Format: | Livre |
| Langue: | espagnol |
| Publié: |
Lima
Pontificia Universidad Católica del Perú
1996
|
| Sujets: | |
| Tags: |
Ajouter un tag
Pas de tags, Soyez le premier à ajouter un tag!
|
MARC
| LEADER | 00000nam a2200000 a 4500 | ||
|---|---|---|---|
| 001 | UCL1304 | ||
| 003 | CL-VaPUC | ||
| 008 | 030905e19960000PE |||||||||||||||||spa|d | ||
| 082 | 0 | 4 | |a 985.061 |b GUE |2 21 |
| 100 | |a Guerra Martinière, Margarita |9 535348 | ||
| 245 | 1 | 3 | |a La ocupación de Lima: 1881-1883 |
| 300 | |a v | ||
| 942 | |c BK | ||
| 945 | |d 20030905 00:00:00 |a cmena | ||
| 260 | |a Lima |b Pontificia Universidad Católica del Perú |c 1996 | ||
| 500 | |a v.2: Aspectos económicos del gobierno de García Calderón | ||
| 650 | 7 | |a HISTORIA - PERU |2 CL-VaPUC |9 478234 | |
| 650 | 0 | |a Relaciones Internacionales |9 255740 | |
| 650 | 0 | |a Aspectos económicos |9 255165 | |
| 650 | 7 | |a HISTORIA ECONOMICA 1881 - 1883 |2 CL-VaPUC |9 478242 | |
| 651 | 0 | |a Perú |9 256567 | |
| 651 | 7 | |a CHILE |2 CL-VaPUC |9 478243 | |
| 583 | |a last modification |c 20030905 00:00:00 |k Rodrigo Vera | ||
| 999 | |c 304945 |d 304943 | ||
| 952 | |0 0 |1 0 |4 0 |6 985_061000000000000_GUE_1996 |7 0 |8 A |9 367817 |a BIBHIS |b BIBHIS |d 2019-11-21 |h v.2 |i 3937305 |o 985.061 GUE 1996 |p 3937305 |r 2025-01-20 |w 2019-11-21 |y BK |k HIS | ||